000 00788nam a22003017a 4500
001 BR2023000661
003 BR-BrBNA
005 20230628113907.0
008 230531b bl.||||| |||| 00| 0 por d
040 _aBR-BrBNA
_bpor
041 _apor
072 _aJ14 ; M11
090 _aJ14 BR2023000661
100 _aBatista, Eurico
110 _aAgência Nacional de Transportes Aquaviários, Brasília, DF (Brazil)
245 _aPanorama aquaviário
260 _aBrasília, DF (Brazil)
_c2008
300 _a88 p.
500 _a17 illus.; 80 tables; 66 graphs
650 _aTRANSPORTE MARÍTIMO
650 _aTRANSPORTE FLUVIAL
650 _aNAVEGAÇÃO
650 _aHIDROVIA
650 _aPORTO
650 _aMEIO AMBENTE
909 _a202305
_bFernando
942 _cBK
999 _c9271
_d9271